Statistics for Flags With One Star

Click here to take the quiz!

General Stats

  • This quiz has been taken 20 times
  • The average score is 13 of 16

Answer Stats

Answer% Correct
Algeria
94%
Chile
94%
Morocco
94%
Pakistan
94%
Azerbaijan
88%
Cameroon
82%
Libya
82%
Angola
76%
Burkina Faso
76%
Central African Republic
76%
Liberia
76%
Djibouti
71%
Mauritania
71%
South Sudan
71%
Myanmar
65%
Togo
65%

Score Distribution

Percentile by Number Answered

Percent of People with Each Score

Your Score History

You have not taken this quiz